1257 1654 1943 1776 1971 1612 1088 1583 1251 1564 1039 1613 1292 1503 1044 1485 1532 1178 1255 1724 1655 1698 1632 1395 1360 1710 1970 1468 1465 1826 1512 1812 1450 1519 1944 1931 1579 1341 1909 1093 1695 1669 1125 1926 1107 1101 1062 1664 1904 1217 1426 1445 1775 1215 1523 1953 1112 1883 1758 1830 1561 1486 1845 1134 1333 1595 1499 1765 1827 1959 1290 1569 1532 1642 1260 1156 1403 1444 1792 1995 1931 1886 1630 1704 1631 1807 1573 1325 1828 1395 1438 1909 1193 1088 1932 1110 1673 1291 1646 BCNSPRNW ULIB Ver.6.0+V

เปลี่ยนเป็นภาษาไทย

Change to English
 แสดงรายละเอียดบรรณานุกรม
  กลับหน้าหลัก

Brief Record : Get Marc (ISO 2709) : E-mail record : QR code < ปิดหน้าต่าง
LEADER : 00000nam 2200000uu 4500
001    13399124778
003     ULIB
008    160323s2015||||th 000 0 eng d
020    ^a9781455770151
060  4 ^aWY157.3^bL527i
100 1  ^aLeifer, Gloria.
245 10 ^aIntroduction to maternity & pediatric nursing /^cGloria Leifer.
250    ^a7th ed.
260    ^aSt. Louis, Mo. :^bMosby/Elsevier,^cc2015
300    ^axxii, 842 p. :^bill. (some col.)
500    ^a^"Login/Password has been inside of this book^"
504    ^aIncludes bibliographical references and index.
650  2 ^aMaternal-Child Nursing^xmethods.
650  2 ^aPediatric Nursing^xmethods.
945    ^p3^l0^i000327
999    ^aเกษร โพธิ์สุวรรณ
รายการนี้ยังไม่มีแท็ก
คุณยังไม่ได้ล็อกอิน คุณสามารถมีกิจกรรมร่วมกับเว็บไซต์ได้ แต่ต้องล็อกอินก่อน ::
  ล็อกอิน

รายการสื่อสารสนเทศ

ลำดับที่ ประเภท เลขเรียก/บาร์โค้ด สถานที่ สถานะ
1. Book การพยาบาล
หนังสือสำรอง
สถานะ=หนังสือสำรอง
WY157.3 L527i ฉ.1 
  Barcode: 000327
ห้องสมุดวิทยาเขตสวรรค์ประชารักษ์
►หนังสือทั่วไป
บนชั้น

รายการใกล้เคียง
    ผู้แต่ง [Leifer, Gloria.]

BibComment


ยังไม่เคยถูกคอมเมนท์

คอมเมนท์ทรัพยากรรายการนี้
  คอมเมนท์: Introduction to ..


 Copyright 2026. Bcnsprnw @Library